| 000 | 01015cab a22001935a 4500 | ||
|---|---|---|---|
| 001 | L147507 | ||
| 008 | 090519e20090515xxkd f 000 0 eng d | ||
| 035 | _a(Sirsi) u147507 | ||
| 041 | 0 | _aeng | |
| 100 | 1 | _aThomas, Daniel | |
| 245 | 0 | 0 | _aProperty's £225bn timebomb |
| 260 | _c2009 | ||
| 490 | 0 |
_aProperty Week _v75(20) 15 May 2009, 20-23(4) |
|
| 520 | _aSummarises the findings of the latest De Montfort University survey of the UK commercial property lending market. Surprisingly the value of lending to the commercial property sector increased again in 2008. Outstanding debt to real estate rose by 8.5% to £225bn by the end of 2008, or to £243.3bn when social housing is included. For the first time in the history of the research there was a decrease in the annual volume of loan originations. The pace of lending is likely to slow again during 2009. | ||
| 590 | _aKA | ||
| 651 | 4 |
_aUnited Kingdom _y |
|
| 690 | _aPROPERTY-COMMERCIAL PROPERTY-COMMERCIAL PROPERTY FINANCE AND INVESTMENT | ||
| 942 | _n0 | ||
| 999 |
_c81552 _d81552 |
||